| 000 | 01142nam a2200325Ia 4500 | ||
|---|---|---|---|
| 003 | GCL | ||
| 005 | 20240530101821.0 | ||
| 008 | 140319s9999 xx 000 0 ara d | ||
| 020 | _a2166001977 | ||
| 040 |
_aGCL / _cGCL |
||
| 082 | 0 | 4 |
_a923.2 _bق/م ذ |
| 100 | 1 | _aمحمد على علوبة باشا | |
| 245 | 1 | 0 |
_aذكريات اجتماعية وسياسية / _cمحمد على علوبة باشا |
| 250 | _aالاولى | ||
| 260 |
_aالقاهرة : _bالهيئة المصرية العامة للكتاب ، _c1988 |
||
| 300 |
_a327 ص ؛ _c22 سم |
||
| 650 | 0 | 4 | _aالعصر الحديث |
| 650 | 0 | 4 | _aمصر |
| 650 | 0 | 4 | _aتاريخ |
| 650 | 0 | 4 | _aالاحوال السياسية |
| 650 | 0 | 4 | _aالاحزاب السياسية |
| 650 | 0 | 4 | _aالملك فؤاد |
| 650 | 0 | 4 | _aالاحتلال البريطانى |
| 650 | 0 | 4 | _aالخديوى عباس حلمى الثانى |
| 650 | 0 | 4 | _aالمذكرات السياسية |
| 650 | 0 | 4 | _aمصر - تاريخ - العصر الحديث - ثورة 1919 |
| 700 | 1 | _aاحمد نجيب احمد حمدى | |
| 700 | 1 | _aجمال الدين امين | |
| 942 |
_2ddc _cBK |
||
| 999 |
_c27910 _d27910 |
||